| 000 | 01157nam a2200337 a 4500 | ||
|---|---|---|---|
| 001 | vtls001619827 | ||
| 003 | NLI | ||
| 005 | 20210628134013.0 | ||
| 008 | 121214n ii 000 0basm | ||
| 020 | _cRs. 2.00 | ||
| 039 | 9 |
_y201212141943 _zVLOAD |
|
| 040 |
_aNLI _basmeng _cDatasoft_Assamese _eAACR2 |
||
| 041 | 0 | _aasm | |
| 044 | _a ii | ||
| 082 | 0 | 4 | _a 923.173 |
| 100 | 1 |
_6880-01 _aলুডউইগ, এমিল |
|
| 245 | 1 | 0 |
_6880-02 _aএব্রাহাম - লিঙ্কন / _cএমিল লুডউইগ |
| 260 |
_a[S.l. : _bs.n., _cn.d.] |
||
| 300 |
_a201 p. ; _c18 cm. |
||
| 600 | 1 | 0 |
_aLincoln, Abraham, _d 1809-1865 _xBiography _9690849 |
| 650 | 0 |
_aPersidents _zUnited State _xBiography _9743988 |
|
| 651 | 0 |
_aUnited States _xKings and rulers _xBiography _9690852 |
|
| 880 |
_6100-01(B _aLudwig, Emil |
||
| 880 | 1 | 0 |
_6245-02(B _aEbrāhām - Linkon / _cEmil Ludwig |
| 887 | _a Mithu Nag / 09.06.2012 (Tulika Das) | ||
| 901 |
_a2761 _b25.02.1972 |
||
| 902 | _aA 923.173 L 626 l | ||
| 904 |
_cMithu Nag / 09.06.2012 (Tulika Das) _l1003 |
||
| 949 |
_AVIRTUAITEM _D10000 _X100 _6DBA000002761ASM |
||
| 942 |
_2ddc _cBKS |
||
| 999 |
_aVIRTUA40 _c1069767 _d1069767 |
||